000 00769nam a2200277Ia 4500
003 OSt
005 20221005061906.0
006 a|||||r|||| 00| 0
007 ta
008 221004b |||||||| |||| 00| 0 eng d
020 _a0415261333
024 _a79614
037 _cTextual
040 _aCRL
_cCRL
_beng
041 _2eng
_aeng
082 _aP:1, P3
100 _aCollins Beverley
245 0 _aPractical phonetics and phonology
_b A resource book for students
260 _aLondon
_bRoutledge UK
_c2003
300 _a267p.
_ccm.
490 _aRoutledge english language introducations
650 _aLINGUISTICS
700 _a Mees Inger M
942 _hP:1, P3
_cTEXL
_2cc
999 _c968915
_d968915